| 000 | 00889aam a2200313 4500 | ||
|---|---|---|---|
| 005 | 20260306191541.0 | ||
| 008 | 150408b2002 xxu||||| |||| 00| 0 spa d | ||
| 041 | _aESP | ||
| 082 | _a001.42 E98m4 | ||
| 100 | _aEyssautier de la Mora, Maurice | ||
| 245 | _aMetodología de la investigación: desarrollo de la inteligencia | ||
| 250 | _a4 edición | ||
| 260 | _aColombia | ||
| 260 | _bInternational Thomson Editores | ||
| 260 | _c2002 | ||
| 300 | _a336 páginas | ||
| 490 | _aTemática General | ||
| 650 | _aMÉTODOS DE INVESTIGACIÓN | ||
| 650 | _aINVESTIGACIÓN | ||
| 650 | _aMETODOLOGÍA | ||
| 650 | _aMÉTODO CIENTÍFICO | ||
| 650 | _aETAPAS DEL PROCESO INVESTIGATIVO | ||
| 650 | _aPLANTEAMIENTO DEL PROBLEMA | ||
| 650 | _aMARCO TEÓRICO | ||
| 650 | _aRECOPILACIÓN DE DATOS | ||
| 650 | _aMUESTREO | ||
| 650 | _aTRATAMIENTO Y PROCESAMIENTO | ||
| 942 |
_cBK _2ddc |
||
| 999 |
_c4300 _d4300 |
||